Giáo trình kế toán thương mại - dịch vụ
Spremljeno u:
| Glavni autor: | |
|---|---|
| Format: | Knjiga |
| Jezik: | Vietnamese |
| Izdano: |
Sunshine
2010
|
| Oznake: |
Dodaj oznaku
Bez oznaka, Budi prvi tko označuje ovaj zapis!
|
| Thư viện lưu trữ: | Mạng thư viện Đại học Đà Nẵng |
|---|
| LEADER | 00664nam a2200277 4500 | ||
|---|---|---|---|
| 001 | 000025550 | ||
| 003 | 1119 | ||
| 005 | 20150325120000.0 | ||
| 008 | 150325s vm 000 vie | ||
| 020 | |c 30000,0000 | ||
| 040 | |a D4 | ||
| 100 | |a TS. Lê Đức ToànThs.Nguyễn Hữu Phú | ||
| 245 | |a Giáo trình kế toán thương mại - dịch vụ | ||
| 260 | |b Sunshine |c 2010 | ||
| 300 | |a 182tr. ; | ||
| OWN | |a LTT | ||
| 999 | |a From the UDN01 | ||
| TYP | |a Monograph | ||
| TYP | |a Printed language | ||
| 980 | |a Mạng thư viện Đại học Đà Nẵng | ||